Effect of radiation on antimycotic activity of some drugs and natural products on candida albicans / (رقم التسجيلة. 29122)

تفاصيل مارك
000 -LEADER
fixed length control field 01850cam a2200361 a 4500
003 - CONTROL NUMBER IDENTIFIER
control field EG-GiCUC
005 - DATE AND TIME OF LATEST TRANSACTION
control field 20250223030154.0
008 - FIXED-LENGTH DATA ELEMENTS--GENERAL INFORMATION
fixed length control field 100118s2009 ua h f m 000 0 eng d
040 ## - CATALOGING SOURCE
Original cataloging agency EG-GiCUC
Language of cataloging eng
Transcribing agency EG-GiCUC
041 0# - LANGUAGE CODE
Language code of text/sound track or separate title eng
049 ## - LOCAL HOLDINGS (OCLC)
Holding library Deposite
097 ## - Thesis Degree
Thesis Level M.Sc
099 ## - LOCAL FREE-TEXT CALL NUMBER (OCLC)
Classification number Cai01.12.05.M.Sc.2009.Ba.E
100 0# - MAIN ENTRY--PERSONAL NAME
Personal name Bassant Mohammed Ibrahim Hashem
245 10 - TITLE STATEMENT
Title Effect of radiation on antimycotic activity of some drugs and natural products on candida albicans /
Statement of responsibility, etc. Bassant Mohammed Ibrahim Hashem ; Supervised Tarek A. A. Moussa , Samir Mostafa Abdelaziz , Thoraya Mohamed Abdelhamid
246 15 - VARYING FORM OF TITLE
Title proper/short title تأثير الأشعاع على النشاط التضاد فطرى لبعض الأدوية والمستحضرات الطبيعية على كانديدا البيكانس
260 ## - PUBLICATION, DISTRIBUTION, ETC.
Place of publication, distribution, etc. Cairo :
Name of publisher, distributor, etc. Bassant Mohammed Ibrahim Hashem ,
Date of publication, distribution, etc. 2009
300 ## - PHYSICAL DESCRIPTION
Extent 136Leaves :
Other physical details facsimiles ;
Dimensions 30cm
502 ## - DISSERTATION NOTE
Dissertation note Thesis (M.Sc.D) - Cairo University - Faculty of Science - Department of Botany - Microbiology
520 ## - SUMMARY, ETC.
Summary, etc. A total of 133 clinical specimen were collected from 108 patients subjected to chemotherapy and 17 patients subjected to radiotherapy . 81 Tongue specimens (77 from chemotherapy and 4 from radiotherapy with ratio 66.4% , 23.5% respectively ) 11 Buccal mucosa specimens ( 9 from chemotherapy, 2 from radiotherapy with ratio 7.8% , 11.8% respectively)
530 ## - ADDITIONAL PHYSICAL FORM AVAILABLE NOTE
Additional physical form available note Issued also as CD
653 #4 - INDEX TERM--UNCONTROLLED
Uncontrolled term Candida albicans
653 #4 - INDEX TERM--UNCONTROLLED
Uncontrolled term Dark condition
653 #4 - INDEX TERM--UNCONTROLLED
Uncontrolled term Gamma and solar radiation
700 0# - ADDED ENTRY--PERSONAL NAME
Personal name Samir Mostafa Abdelaziz ,
Relator term
700 0# - ADDED ENTRY--PERSONAL NAME
Personal name Tarek Abdelmawgoud Abdelmoutilb Moussa ,
Relator term
700 0# - ADDED ENTRY--PERSONAL NAME
Personal name Thoraya Mohamed Abdelhamid ,
Relator term
856 ## - ELECTRONIC LOCATION AND ACCESS
Uniform Resource Identifier <a href="http://172.23.153.220/th.pdf">http://172.23.153.220/th.pdf</a>
902 ## - LOCAL DATA ELEMENT B, LDB (RLIN)
No. of Items 1
905 ## - LOCAL DATA ELEMENT E, LDE (RLIN)
Cataloger Fatma
Reviser Cataloger
905 ## - LOCAL DATA ELEMENT E, LDE (RLIN)
Cataloger Nazla
Reviser Revisor
942 ## - ADDED ENTRY ELEMENTS (KOHA)
Source of classification or shelving scheme Dewey Decimal Classification
Koha item type Thesis
المقتنيات
Source of classification or shelving scheme Not for loan Home library Current library Date acquired Full call number Barcode Date last seen Koha item type Copy number
Dewey Decimal Classification   المكتبة المركزبة الجديدة - جامعة القاهرة قاعة الرسائل الجامعية - الدور الاول 11.02.2024 Cai01.12.05.M.Sc.2009.Ba.E 01010110052455000 22.09.2023 Thesis  
Dewey Decimal Classification   المكتبة المركزبة الجديدة - جامعة القاهرة مخـــزن الرســائل الجـــامعية - البدروم 11.02.2024 Cai01.12.05.M.Sc.2009.Ba.E 01020110052455000 22.09.2023 CD - Rom 52455.CD
Cairo University Libraries Portal Implemented & Customized by: Eng. M. Mohamady Contacts: new-lib@cl.cu.edu.eg | cnul@cl.cu.edu.eg
CUCL logo CNUL logo
© All rights reserved — Cairo University Libraries
CUCL logo
Implemented & Customized by: Eng. M. Mohamady Contact: new-lib@cl.cu.edu.eg © All rights reserved — New Central Library
CNUL logo
Implemented & Customized by: Eng. M. Mohamady Contact: cnul@cl.cu.edu.eg © All rights reserved — Cairo National University Library